[Event "4NCL/Div3/ICENI vs. CAMB2"]
[Site "Daventry ENG"]
[Date "2009.10.25"]
[Round "2.2"]
[White "Gooding, Ian"]
[Black "Reynolds, D Ian W"]
[Result "0-1"]
[WhiteElo "2013"]
[BlackElo "2096"]
[PlyCount "146"]
[EventDate "2009.10.25"]
[SourceDate "2009.10.24"]

1. e4 e5 2. Nf3 Nc6 3. Nc3 Nf6 4. Bb5 d6 5. d4 exd4 6. Nxd4 Bd7 7. Bxc6 bxc6 8.
O-O g6 9. Bg5 h6 10. Bh4 c5 11. e5 dxe5 12. Nf3 Be7 13. Nxe5 g5 14. Bg3 Bd6 15.
Re1 O-O 16. Qf3 Kg7 17. Rad1 Be6 18. Nc6 Bg4 19. Qxg4 Nxg4 20. Nxd8 Rfxd8 21.
Ne4 Rab8 22. b3 Bxg3 23. Nxg3 Kg6 24. f3 Nf6 25. c4 Rd4 26. Ne2 Rxd1 27. Rxd1
Re8 28. Kf2 Re7 29. Nc3 c6 30. Na4 Rd7 31. Rxd7 Nxd7 32. Ke3 Kf5 33. Nb2 Ke6
34. Nd3 f5 35. g3 Kd6 36. g4 fxg4 37. fxg4 Ne5 38. Nf2 Nd7 39. Ne4+ Ke5 40. Ng3
Nf6 41. h3 Nd7 42. Nf5 h5 43. Ne7 hxg4 44. hxg4 Kd6 45. Nc8+ Kc7 46. Ne7 Kd6
47. Nf5+ Ke5 48. Nh6 Ke6 49. Ke4 Nf6+ 50. Kf3 Nd7 51. Ng8 Ne5+ 52. Kg3 Nd3 53.
a3 a5 54. Nh6 Nc1 55. Nf5 Nxb3 56. Kf2 Nd2 57. Ne3 Nb1 58. Nc2 Nd2 59. Ne3 Ke5
60. Ke2 Nb1 61. Kd3 Nxa3 62. Nc2 a4 63. Ne3 Kf4 64. Nd1 Nb5 65. cxb5 cxb5 66.
Nc3 a3 67. Kc2 b4 68. Nd1 Kxg4 69. Nf2+ Kf3 70. Nd3 g4 71. Ne5+ Kf4 72. Nd3+
Ke3 73. Nxc5 g3 0-1

[Event "4NCL/Div3/ICENI vs. CAMB2"]
[Site "Daventry ENG"]
[Date "2009.10.25"]
[Round "2.3"]
[White "Lunn, Timothy"]
[Black "Chia, Ernest PE"]
[Result "1/2-1/2"]
[WhiteElo "2055"]
[BlackElo "2010"]
[PlyCount "121"]
[EventDate "2009.10.25"]
[SourceDate "2009.10.24"]

1. d4 d5 2. c4 c6 3. Nc3 e6 4. e3 Bd6 5. Qc2 f5 6. Bd3 Nf6 7. cxd5 cxd5 8. Nb5
Bb4+ 9. Bd2 Bxd2+ 10. Qxd2 Nc6 11. a3 O-O 12. Nf3 Bd7 13. O-O Na5 14. Qe2 Bxb5
15. Bxb5 Qd6 16. b4 Nc6 17. Bxc6 Qxc6 18. Rfc1 Qa4 19. Qc2 Qe8 20. h3 Rc8 21.
Qb3 Rf7 22. Rc2 Rfc7 23. Rac1 Qd8 24. Ng5 Rxc2 25. Rxc2 Qd7 26. Qb2 h6 27. Nf3
Rc7 28. Qc1 Ne8 29. Ne5 Qc8 30. Rc5 Rxc5 31. dxc5 Nd6 32. Qf1 Nf7 33. Nf3 Qc6
34. Nd4 Qa4 35. Qb5 Qxb5 36. Nxb5 a6 37. Nc3 Ne5 38. a4 Nd7 39. Kf1 Kf7 40. Ke2
Ke7 41. f4 a5 42. bxa5 Nxc5 43. g4 fxg4 44. hxg4 g6 45. f5 gxf5 46. gxf5 exf5
47. Nxd5+ Ke6 48. Nc3 Kf6 49. Kf3 Kg5 50. Nb5 Nxa4 51. Nd6 Nc5 52. Nxb7 Na6 53.
Nd8 h5 54. Ne6+ Kf6 55. Nf4 Kg5 56. Ng2 Nc5 57. Kg3 Na6 58. Nf4 Nc5 59. Nh3+
Kf6 60. Kh4 Ke5 61. Kxh5 1/2-1/2

[Event "4NCL/Div3/ICENI vs. CAMB2"]
[Site "Daventry ENG"]
[Date "2009.10.25"]
[Round "2.4"]
[White "Lee, Richard WY"]
[Black "Ruthen, Stephen W"]
[Result "0-1"]
[WhiteElo "2058"]
[BlackElo "2093"]
[PlyCount "86"]
[EventDate "2009.10.25"]
[SourceDate "2009.10.24"]

1. d4 Nf6 2. Nf3 g6 3. c4 Bg7 4. Nc3 O-O 5. e4 d6 6. Be2 e5 7. O-O Nc6 8. d5
Ne7 9. Ne1 Nd7 10. f3 f5 11. Be3 f4 12. Bf2 g5 13. b4 h5 14. c5 Nf6 15. cxd6
cxd6 16. Rc1 Ng6 17. Nb5 Rf7 18. Nxa7 Bd7 19. a4 g4 20. a5 g3 21. Bb6 gxh2+ 22.
Kh1 Qe8 23. Qd3 h4 24. Nb5 Qe7 25. Nc7 Rc8 26. Ra1 Rxc7 27. Bxc7 Nh5 28. Rf2
Ng3+ 29. Kxh2 h3 30. Bf1 hxg2 31. Bxg2 Bf8 32. Kg1 Rh7 33. Bb6 Qh4 34. Rf1 Be7
35. Kf2 Bb5 36. Qxb5 Nxe4+ 37. Ke2 Nc3+ 38. Kd3 Nxb5 39. Kc4 Nd4 40. Rh1 Qf2
41. Rxh7 Kxh7 42. Bh3 Qb2 43. Rd1 Qb3# 0-1

[Event "4NCL/Div3/ICENI vs. CAMB2"]
[Site "Daventry ENG"]
[Date "2009.10.25"]
[Round "2.5"]
[White "Feavyour, John A"]
[Black "Lim, Mark"]
[Result "1/2-1/2"]
[WhiteElo "2076"]
[BlackElo "1885"]
[PlyCount "66"]
[EventDate "2009.10.25"]
[SourceDate "2009.10.24"]

1. d4 Nf6 2. c4 g6 3. Nc3 Bg7 4. e4 d6 5. f4 O-O 6. Nf3 c5 7. d5 e6 8. Be2 exd5
9. cxd5 Bg4 10. O-O Re8 11. h3 Bxf3 12. Bxf3 a6 13. a4 Nbd7 14. Be3 b5 15. axb5
axb5 16. Rxa8 Qxa8 17. Nxb5 Qb8 18. Qd3 Nxd5 19. Qxd5 Qxb5 20. Qxd6 Bxb2 21.
Rd1 Nf8 22. Bxc5 Ne6 23. Be3 Rd8 24. Qb6 Rxd1+ 25. Bxd1 Qxb6 26. Bxb6 Nxf4 27.
Bb3 Kg7 28. Kf2 Kf6 29. Kf3 Ne6 30. Bd5 Ke5 31. Ba7 Bc3 32. Bb8+ Kf6 33. Ba7
Ke5 1/2-1/2

[Event "4NCL/Div3/ICENI vs. CAMB2"]
[Site "Daventry ENG"]
[Date "2009.10.25"]
[Round "2.6"]
[White "Kreuzer, Christopher RL"]
[Black "Szymanski, Mark"]
[Result "1/2-1/2"]
[WhiteElo "1907"]
[BlackElo "1890"]
[PlyCount "135"]
[EventDate "2009.10.25"]
[SourceDate "2009.10.24"]

1. e4 c6 2. d4 d5 3. e5 c5 4. Bb5+ Bd7 5. Bxd7+ Qxd7 6. Ne2 Nc6 7. Be3 e6 8.
O-O Nge7 9. Ng3 cxd4 10. Bxd4 Nxd4 11. Qxd4 Nc6 12. Qe3 Qc7 13. Re1 Be7 14. c3
b6 15. Nd2 O-O 16. Nh5 g6 17. Nf6+ Kg7 18. Ng4 g5 19. h4 Qd8 20. Nf3 h5 21. Nf6
Bxf6 22. exf6+ Qxf6 23. hxg5 Qf5 24. Nh4 Qg4 25. g3 Rg8 26. f4 Rad8 27. Rad1
Rd7 28. Kg2 Rgd8 29. Qf3 Na5 30. Qxg4 hxg4 31. f5 exf5 32. Nxf5+ Kg6 33. Ne7+
Kxg5 34. Re5+ Kf6 35. Rde1 Nc4 36. Rf5+ Kg7 37. Rg5+ Kf6 38. Rf5+ Kg7 39. Rg5+
Kf6 40. Rxg4 Nxb2 41. Rf4+ Kg7 42. Nf5+ Kg6 43. Nh4+ Kg7 44. Nf5+ Kg6 45. Ne7+
Kg7 46. Rg4+ Kf6 47. Ng8+ Kf5 48. Nh6+ Kf6 49. Rf4+ Kg7 50. Rh1 Nd3 51. Rg4+
Kf6 52. Ng8+ Ke5 53. Rh5+ Kd6 54. Nf6 Ne5 55. Rd4 Ke6 56. Nxd7 Rxd7 57. Rh6+ f6
58. a4 Rc7 59. Rf4 Nd7 60. Rf3 Rc4 61. Rh4 Rc8 62. Rhf4 Kd6 63. Rd4 Rc5 64.
Rfd3 Ne5 65. Rd1 Ke7 66. R4d2 Nc4 67. Re2+ Ne5 68. Red2 1/2-1/2

[Event "4NCL/Div3/BCA vs. SSC"]
[Site "Daventry ENG"]
[Date "2009.10.25"]
[Round "2.1"]
[White "Crouch, Colin S"]
[Black "Salimbeni, George PW"]
[Result "1-0"]
[WhiteElo "2346"]
[BlackElo "2163"]
[PlyCount "81"]
[EventDate "2009.10.25"]
[SourceDate "2009.10.24"]

1. d4 Nf6 2. Nf3 g6 3. Bg5 Bg7 4. Nbd2 d5 5. e3 O-O 6. Bd3 Nbd7 7. Qe2 b6 8. e4
dxe4 9. Nxe4 Bb7 10. O-O-O Re8 11. Ne5 Qc8 12. Ng3 c5 13. Rhe1 cxd4 14. Nxf7
Qc5 15. Ne5 Nxe5 16. Qxe5 Qxe5 17. Rxe5 Nd5 18. Re2 e5 19. Be4 Rac8 20. Kb1 Rc5
21. Bxd5+ Rxd5 22. Ne4 Kf7 23. c4 Rd7 24. f3 h6 25. Bh4 g5 26. Bg3 Kg6 27. b3
Bc6 28. a4 a6 29. Kc2 Red8 30. Kd3 Kf5 31. Rde1 Re7 32. h4 Bxe4+ 33. Rxe4 a5
34. Rh1 Kg6 35. Be1 Bf8 36. Bd2 Rg7 37. Rh3 Kf5 38. hxg5 hxg5 39. Rh8 Re8 40.
Rh6 Re6 41. g4# 1-0

[Event "4NCL/Div3/BCA vs. SSC"]
[Site "Daventry ENG"]
[Date "2009.10.25"]
[Round "2.2"]
[White "Oates, David R"]
[Black "Ross, Chris N"]
[Result "1-0"]
[WhiteElo "2159"]
[BlackElo "2207"]
[PlyCount "45"]
[EventDate "2009.10.25"]
[SourceDate "2009.10.24"]

1. e4 c5 2. c3 d5 3. exd5 Qxd5 4. d4 e6 5. Nf3 Nf6 6. Bd3 Nc6 7. O-O cxd4 8.
cxd4 Be7 9. Nc3 Qd6 10. a3 O-O 11. Re1 b6 12. Bg5 Bb7 13. Bc2 Rad8 14. d5 exd5
15. Qd3 g6 16. Rxe7 Nxe7 17. Nb5 Qd7 18. Bxf6 Ba6 19. Qe3 Nf5 20. Bxf5 Qxf5 21.
Bxd8 Bxb5 22. Nd4 Qd7 23. Bf6 1-0

[Event "4NCL/Div3/BCA vs. SSC"]
[Site "Daventry ENG"]
[Date "2009.10.25"]
[Round "2.3"]
[White "Mordue, A Tyson"]
[Black "Jones, Chris"]
[Result "1-0"]
[WhiteElo "2286"]
[BlackElo "2070"]
[PlyCount "103"]
[EventDate "2009.10.25"]
[SourceDate "2009.10.24"]

1. e4 Nf6 2. e5 Nd5 3. d4 d6 4. Nf3 dxe5 5. Nxe5 g6 6. Bc4 c6 7. O-O Bg7 8. Qe2
Be6 9. c3 Nd7 10. Nf3 N7f6 11. a4 O-O 12. Na3 Bg4 13. h3 Bxf3 14. Qxf3 a6 15.
Nc2 Qd6 16. a5 Rfe8 17. Ne3 e6 18. Ng4 Nxg4 19. hxg4 Qd8 20. Rd1 Bf6 21. b4 Bg5
22. Re1 Bf6 23. Ra2 Bg7 24. Rae2 Qd6 25. Bd2 Rad8 26. Bg5 Rd7 27. Bh4 Nf4 28.
Re4 Nd5 29. Bg3 Qe7 30. Be5 f6 31. Bg3 Qf7 32. Qd3 f5 33. gxf5 gxf5 34. R4e2
Bf6 35. Be5 Bxe5 36. Rxe5 Qf6 37. Rxf5 Qxf5 38. Qxf5 exf5 39. Rxe8+ Kg7 40.
Bxd5 cxd5 41. Rc8 Kf6 42. Kf1 Re7 43. Rc5 Ke6 44. Ke2 Rg7 45. Kf3 Rd7 46. g3
Rg7 47. b5 axb5 48. Rxb5 Rc7 49. Rb6+ Kd7 50. Kf4 Rxc3 51. Rxb7+ Kc6 52. Rxh7
1-0

[Event "4NCL/Div3/BCA vs. SSC"]
[Site "Daventry ENG"]
[Date "2009.10.25"]
[Round "2.4"]
[White "Fryer, David W"]
[Black "Armstrong, William G"]
[Result "1-0"]
[WhiteElo "2058"]
[BlackElo "1966"]
[PlyCount "99"]
[EventDate "2009.10.25"]
[SourceDate "2009.10.24"]

1. e4 c5 2. Nc3 Nc6 3. g3 g6 4. Bg2 Bg7 5. d3 Nf6 6. Be3 d6 7. h3 Rb8 8. Qd2
Nd4 9. Nce2 e5 10. c3 Ne6 11. Nf3 O-O 12. O-O b6 13. Rad1 Qe7 14. Nh4 Ba6 15.
Kh2 Rbd8 16. f4 exf4 17. Nxf4 Nxf4 18. Bxf4 Nh5 19. Bg5 f6 20. Be3 Bh8 21. c4
Bc8 22. Nf3 Ng7 23. Rde1 Ne6 24. b3 Bg7 25. Qc1 Kh8 26. Nd2 Qd7 27. Nb1 Nc7 28.
a4 a5 29. Nc3 Rde8 30. Bd2 Re5 31. g4 Re7 32. Ne2 Ne6 33. Bc3 Ref7 34. Qb2 g5
35. Rf3 Nc7 36. Ng3 Qe7 37. Nh5 Ne8 38. Ref1 Qc7 39. Kh1 f5 40. Nxg7 Nxg7 41.
gxf5 Kg8 42. Rg3 h6 43. Bf3 Bb7 44. Kg1 Re8 45. Qg2 Kf8 46. h4 Rxf5 47. exf5
Nh5 48. Bxb7 Nxg3 49. Qxg3 Qxb7 50. Qxd6+ 1-0

[Event "4NCL/Div3/BCA vs. SSC"]
[Site "Daventry ENG"]
[Date "2009.10.25"]
[Round "2.5"]
[White "Burnell, Steve"]
[Black "Yates, Christopher"]
[Result "1/2-1/2"]
[WhiteElo "1898"]
[BlackElo "1850"]
[PlyCount "130"]
[EventDate "2009.10.25"]
[SourceDate "2009.10.24"]

1. d4 d5 2. c4 e6 3. Nf3 Nf6 4. Bf4 Nbd7 5. e3 Be7 6. Nc3 O-O 7. Bd3 dxc4 8.
Bxc4 a6 9. a4 b6 10. d5 exd5 11. Nxd5 Nxd5 12. Bxd5 Bb4+ 13. Ke2 a5 14. Bc4 c5
15. Qd5 Ra7 16. Rhd1 Bb7 17. Qd6 Qf6 18. Qxf6 Nxf6 19. Rd6 Bxf3+ 20. gxf3 h6 {
rg1 Kh7} 21. Bd3 Kh8 22. Bxh6 Ne8 23. Rxb6 f6 24. Bf4 Nc7 25. Bc4 Rd8 26. Rd1
Rxd1 27. Kxd1 Kh7 28. Ke2 g5 29. Bxc7 Rxc7 30. Rxf6 Kg7 31. Rd6 Re7 32. Bb5 Kf7
33. Rd7 Rxd7 34. Bxd7 c4 35. Bb5 c3 36. bxc3 Bxc3 37. h3 Be5 38. Kd3 Kf6 39.
Ke4 Bc7 40. f4 gxf4 41. exf4 Bb6 42. Kf3 Bd4 43. Kg3 Kg6 44. f3 Bf6 45. Kg4 Bd8
46. h4 Be7 47. f5+ Kf6 48. f4 Bf8 49. Be8 Bh6 50. h5 Bg7 51. Bg6 Bh6 52. Kf3
Bg7 53. Ke4 Bh6 54. Kd4 Bxf4 55. Kc4 Kg7 56. Kd5 Kf6 57. Kc5 Kg7 58. Kb6 Bd2
59. Kb5 Be1 60. Be8 Bb4 61. h6+ Kxh6 62. f6 Bc3 63. f7 Kg7 64. Kc5 Kf8 65. Kd5
Be1 1/2-1/2

[Event "4NCL/Div3/BCA vs. SSC"]
[Site "Daventry ENG"]
[Date "2009.10.25"]
[Round "2.6"]
[White "Woods, Timothy J"]
[Black "Hilton, Steve H"]
[Result "1/2-1/2"]
[WhiteElo "1810"]
[BlackElo "1891"]
[PlyCount "51"]
[EventDate "2009.10.25"]
[SourceDate "2009.10.24"]

1. e4 c5 2. Nf3 d6 3. d4 cxd4 4. Nxd4 Nf6 5. Nc3 a6 6. f4 e5 7. Nf3 Qa5 8. Bd3
Bg4 9. O-O Nc6 10. h3 Bd7 11. Bd2 Qc5+ 12. Kh1 b5 13. Qe1 exf4 14. Nd5 Ne5 15.
Bxf4 Nxd5 16. exd5 f6 17. Qe4 O-O-O 18. Nxe5 dxe5 19. Be3 Qd6 20. c4 f5 21.
Rxf5 Bxf5 22. Qxf5+ Kb8 23. c5 Qf6 24. d6 Qxf5 25. Bxf5 Bxd6 26. cxd6 1/2-1/2

[Event "4NCL/Div3/KJCAK vs. FCA2"]
[Site "Daventry ENG"]
[Date "2009.10.25"]
[Round "2.1"]
[White "Jones, William EG"]
[Black "Majer, Chris E"]
[Result "1-0"]
[WhiteElo "2084"]
[BlackElo "2054"]
[PlyCount "93"]
[EventDate "2009.10.25"]
[SourceDate "2009.10.24"]

1. e4 c6 2. c4 d5 3. cxd5 cxd5 4. exd5 Nf6 5. Qa4+ Nbd7 6. Nc3 g6 7. Bc4 Bg7 8.
d3 O-O 9. Nf3 a6 10. Qa3 Nb6 11. Qb3 Qd6 12. Be3 Nbd7 13. a4 Ne5 14. Nxe5 Qxe5
15. d4 Qd6 16. Qa3 Bf5 17. Qxd6 exd6 18. Kd2 Rac8 19. Bd3 Bxd3 20. Kxd3 Rfe8
21. a5 Rc7 22. Ra4 Bf8 23. Rha1 Rb8 24. Rb4 Rbc8 25. Ra3 Rd8 26. Bg5 Be7 27.
Bxf6 Bxf6 28. Ne4 Be7 29. Rc3 Rcd7 30. Rcb3 Rb8 31. Rb6 f5 32. Nd2 Bd8 33. Rxa6
Kf7 34. Ra7 Ke7 35. Nc4 Ke8 36. Nb6 Rf7 37. Kc4 Rc7+ 38. Kb5 Rc2 39. Re3+ Kf7
40. b4 Bxb6 41. Kxb6 Kf6 42. f4 Rb2 43. b5 Rb4 44. Re6+ Kf7 45. a6 Kg8 46. Rxb7
Rd8 47. a7 1-0

[Event "4NCL/Div3/KJCAK vs. FCA2"]
[Site "Daventry ENG"]
[Date "2009.10.25"]
[Round "2.2"]
[White "Williamson, Kevin J"]
[Black "Jones, Victor GL"]
[Result "1/2-1/2"]
[WhiteElo "2045"]
[BlackElo "2062"]
[PlyCount "52"]
[EventDate "2009.10.25"]
[SourceDate "2009.10.24"]

1. Nc3 e6 2. Nf3 c5 3. d4 cxd4 4. Nxd4 a6 5. Bf4 d6 6. Bg3 Nf6 7. e3 Be7 8. Bd3
O-O 9. O-O b5 10. Qf3 Ra7 11. Ne4 Bb7 12. Nxf6+ Bxf6 13. Be4 d5 14. Bd3 e5 15.
Bxe5 Bxe5 16. Qf5 Re8 17. Qxh7+ Kf8 18. Nf5 g6 19. Qh6+ Kg8 20. f4 Bxb2 21. Rf3
Bxa1 22. Rh3 Qf6 23. Qh7+ Kf8 24. Qh6+ Kg8 25. Qh7+ Kf8 26. Qh6+ Kg8 1/2-1/2

[Event "4NCL/Div3/KJCAK vs. FCA2"]
[Site "Daventry ENG"]
[Date "2009.10.25"]
[Round "2.3"]
[White "Bayliss, Lyall CP"]
[Black "Fraser-Mitchell, Jeremy N"]
[Result "0-1"]
[WhiteElo "1960"]
[BlackElo "2002"]
[PlyCount "74"]
[EventDate "2009.10.25"]
[SourceDate "2009.10.24"]

1. e4 e6 2. d4 d5 3. e5 c5 4. c3 Nc6 5. Nf3 Nh6 6. Bxh6 gxh6 7. Be2 cxd4 8.
cxd4 Bg7 9. Nc3 O-O 10. O-O f6 11. exf6 Qxf6 12. Rc1 Nxd4 13. Nxd4 Qxd4 14.
Qxd4 Bxd4 15. Nb5 Bxb2 16. Rb1 Be5 17. Bd3 a6 18. Na3 b5 19. Rb4 Bd6 20. Rg4+
Kh8 21. Nc2 e5 22. Rh4 e4 23. Be2 Bf4 24. Rd1 Be6 25. Nd4 Bg5 26. Nxe6 Bxh4 27.
Nxf8 Rxf8 28. g3 Bd8 29. Rxd5 Bb6 30. Bg4 Rxf2 31. Kh1 Rxa2 32. Rd6 Bc5 33. Rc6
Bd4 34. Rc8+ Kg7 35. Rg8+ Kxg8 36. Be6+ Kg7 37. Bxa2 e3 0-1

[Event "4NCL/Div3/KJCAK vs. FCA2"]
[Site "Daventry ENG"]
[Date "2009.10.25"]
[Round "2.4"]
[White "Adebajo, Olufemi"]
[Black "Lunn, Matthew"]
[Result "1/2-1/2"]
[WhiteElo "1952"]
[BlackElo "1905"]
[PlyCount "41"]
[EventDate "2009.10.25"]
[SourceDate "2009.10.24"]

1. e4 c5 2. Nf3 d6 3. Bb5+ Bd7 4. Bxd7+ Qxd7 5. O-O Nc6 6. c3 Nf6 7. Re1 g6 8.
d4 cxd4 9. cxd4 e5 10. Bg5 Bg7 11. Nc3 O-O 12. d5 Ne7 13. Qd2 Rfc8 14. Rac1 b5
15. a3 Rab8 16. Bxf6 Bxf6 17. Na2 Rxc1 18. Rxc1 Rc8 19. Kf1 Rxc1+ 20. Qxc1 a5
21. h3 1/2-1/2

[Event "4NCL/Div3/KJCAK vs. FCA2"]
[Site "Daventry ENG"]
[Date "2009.10.25"]
[Round "2.5"]
[White "Maguire, Robert"]
[Black "Matthews, Adrian MS"]
[Result "1-0"]
[WhiteElo "1825"]
[BlackElo "1936"]
[PlyCount "70"]
[EventDate "2009.10.25"]
[SourceDate "2009.10.24"]

1. e4 c5 2. Nf3 Nc6 3. d4 cxd4 4. Nxd4 Nf6 5. Nc3 e5 6. Ndb5 d6 7. Bg5 a6 8.
Na3 b5 9. Nd5 Be7 10. Bxf6 Bxf6 11. c3 Bg5 12. Nc2 O-O 13. a4 bxa4 14. Rxa4 a5
15. Bc4 Rb8 16. Ra2 Kh8 17. Nce3 g6 18. h4 Bxh4 19. g3 Bg5 20. f4 exf4 21. gxf4
Bh4+ 22. Kf1 f5 23. b4 fxe4 24. Rah2 g5 25. Ke2 Rb7 26. b5 Be6 27. Rxh4 gxh4
28. bxc6 Rb2+ 29. Ke1 Bxd5 30. Nxd5 h6 31. Qd4+ Kh7 32. Qxe4+ Kh8 33. Qd4+ Rf6
34. Nxf6 Rb1+ 35. Kd2 Rxh1 1-0

[Event "4NCL/Div3/KJCAK vs. FCA2"]
[Site "Daventry ENG"]
[Date "2009.10.25"]
[Round "2.6"]
[White "Shaw, John S"]
[Black "Gahir, Jasdeep"]
[Result "0-1"]
[WhiteElo "1930"]
[BlackElo "1844"]
[PlyCount "59"]
[EventDate "2009.10.25"]
[SourceDate "2009.10.24"]

1. d4 d5 2. Nf3 Nf6 3. e3 c5 4. dxc5 Qa5+ 5. Nbd2 Qxc5 6. c4 Nc6 7. a3 Bg4 8.
b4 Qb6 9. Bb2 e6 10. Bxf6 gxf6 11. cxd5 exd5 12. Be2 a5 13. O-O Rg8 14. Re1
O-O-O 15. Qa4 axb4 16. Rec1 Kb8 17. axb4 Bxb4 18. Nd4 Bd7 19. N2b3 Na7 20. Bb5
Bh3 21. g3 Be7 22. Na5 Rc8 23. Nac6+ Nxc6 24. Nxc6+ bxc6 25. Ba6 Kc7 26. Bxc8
Rxc8 27. Rab1 Rb8 28. Rxb6 Rxb6 29. Qf4+ Kd7 30. Ra1 0-1

[Event "4NCL/Div3/GUI4 vs. WWKS2"]
[Site "Daventry ENG"]
[Date "2009.10.25"]
[Round "2.1"]
[White "Eckloff, Colin"]
[Black "Clarke, Brandon GI"]
[Result "0-1"]
[WhiteElo "2100"]
[BlackElo "2039"]
[PlyCount "82"]
[EventDate "2009.10.25"]
[SourceDate "2009.10.24"]

1. d4 Nf6 2. c4 c5 3. d5 e6 4. Nc3 exd5 5. cxd5 d6 6. e4 g6 7. Bd3 Bg7 8. Nge2
O-O 9. O-O a6 10. a4 Nbd7 11. Ng3 Rb8 12. Rb1 Ne8 13. Be3 Ne5 14. Be2 h5 15. f4
Ng4 16. Bxg4 Bxg4 17. Qd2 Qe7 18. e5 dxe5 19. Nge4 b6 20. a5 Bf5 21. Rbe1 Bxe4
22. Nxe4 Nd6 23. Nxd6 Qxd6 24. axb6 Rxb6 25. Qf2 Rb5 26. b4 cxb4 27. f5 Rfb8
28. Rc1 Qxd5 29. Rc7 b3 30. fxg6 fxg6 31. Rxg7+ Kxg7 32. Qf6+ Kh7 33. Qe7+ Kg8
34. Rf6 Qd1+ 35. Kf2 Qc2+ 36. Kg3 Qe4 37. Bh6 Qg4+ 38. Kf2 R5b7 39. Qxe5 b2 40.
Qd5+ Kh7 41. Bd2 Qh4+ 0-1

[Event "4NCL/Div3/GUI4 vs. WWKS2"]
[Site "Daventry ENG"]
[Date "2009.10.25"]
[Round "2.2"]
[White "Cooper, David M"]
[Black "Bryant, Richard BE"]
[Result "1/2-1/2"]
[WhiteElo "2098"]
[BlackElo "1945"]
[PlyCount "59"]
[EventDate "2009.10.25"]
[SourceDate "2009.10.24"]

1. e4 e6 2. d4 c5 3. d5 exd5 4. exd5 d6 5. Nc3 Nf6 6. Nf3 Be7 7. Be2 O-O 8. O-O
b6 9. Re1 Na6 10. Bb5 Nc7 11. Bc6 Bd7 12. Bxa8 Nxa8 13. a4 Nc7 14. h3 Bc8 15.
Bg5 Bb7 16. Qd3 Ncxd5 17. Nxd5 Nxd5 18. Bxe7 Nxe7 19. Rad1 d5 20. Qe3 Ng6 21.
c3 f6 22. a5 Bc8 23. axb6 axb6 24. h4 Bg4 25. h5 Ne5 26. Nxe5 Bxd1 27. Nc6 Qd7
28. Ne7+ Kf7 29. Rxd1 Qxe7 30. Qxe7+ 1/2-1/2

[Event "4NCL/Div3/GUI4 vs. WWKS2"]
[Site "Daventry ENG"]
[Date "2009.10.25"]
[Round "2.3"]
[White "Shaw, Matthew H"]
[Black "Weaving, Richard"]
[Result "1-0"]
[WhiteElo "1956"]
[BlackElo "2098"]
[PlyCount "57"]
[EventDate "2009.10.25"]
[SourceDate "2009.10.24"]

1. e4 e5 2. Nf3 Nc6 3. Bb5 Nf6 4. O-O Bc5 5. c3 O-O 6. d4 Bb6 7. Bg5 h6 8. Bh4
d6 9. d5 Ne7 10. Bxf6 gxf6 11. Nh4 f5 12. exf5 Nxf5 13. Nxf5 Bxf5 14. Qh5 Qf6
15. Nd2 Kh7 16. Qf3 Qg6 17. Rae1 a6 18. Bc4 Rg8 19. Ne4 Bxe4 20. Rxe4 f5 21.
Rh4 Raf8 22. Kh1 e4 23. Qg3 Qf6 24. Qf4 Rg6 25. Be2 Rfg8 26. Rg1 Qe5 27. Bh5
Rg5 28. Bf7 R8g7 29. Rxh6+ 1-0

[Event "4NCL/Div3/GUI4 vs. WWKS2"]
[Site "Daventry ENG"]
[Date "2009.10.25"]
[Round "2.4"]
[White "Fallowfield, Jeremy"]
[Black "Armour, Philip"]
[Result "1-0"]
[WhiteElo "2048"]
[BlackElo "1850"]
[PlyCount "49"]
[EventDate "2009.10.25"]
[SourceDate "2009.10.24"]

1. e4 Nf6 2. e5 Nd5 3. d4 d6 4. c4 Nb6 5. exd6 exd6 6. Nc3 Be7 7. Qf3 N8d7 8.
Be3 Nf6 9. h3 c6 10. O-O-O d5 11. c5 Nbd7 12. g4 h6 13. h4 Ne4 14. Nxe4 dxe4
15. Qg2 Bxh4 16. Qxe4+ Qe7 17. Qc2 Bg5 18. Re1 O-O 19. Nf3 Bxe3+ 20. Rxe3 Qf6
21. g5 Qf4 22. Rh4 Qc7 23. Bc4 b5 24. gxh6 Nf6 25. Qg6 1-0

[Event "4NCL/Div3/GUI4 vs. WWKS2"]
[Site "Daventry ENG"]
[Date "2009.10.25"]
[Round "2.5"]
[White "Deswarte, Ian"]
[Black "Page, Mark E"]
[Result "0-1"]
[WhiteElo "1900"]
[BlackElo "1996"]
[PlyCount "62"]
[EventDate "2009.10.25"]
[SourceDate "2009.10.24"]

1. e4 c5 2. Nf3 d6 3. d4 cxd4 4. Nxd4 Nf6 5. Nc3 a6 6. Bc4 e6 7. Bb3 b5 8. O-O
Be7 9. Be3 O-O 10. f3 Bd7 11. Nce2 Nc6 12. Ng3 Ne5 13. Qe2 Qc7 14. c3 Nc4 15.
Bg5 Qc5 16. Bxc4 Qxg5 17. Bd3 Qc5 18. Kh1 g6 19. Qd2 Nh5 20. Nxh5 Qxh5 21. f4
e5 22. Nc2 Bh4 23. Be2 Qh6 24. Qe3 Rae8 25. Rad1 exf4 26. Qxf4 Bg5 27. Qxd6
Rxe4 28. Qxd7 Rxe2 29. Nd4 Re7 30. Qd6 Rfe8 31. Qg3 Re3 {scoresheets illegible}
0-1

[Event "4NCL/Div3/GUI4 vs. WWKS2"]
[Site "Daventry ENG"]
[Date "2009.10.25"]
[Round "2.6"]
[White "Pickering, Carl"]
[Black "Ward, Matthew J"]
[Result "1/2-1/2"]
[WhiteElo "1946"]
[BlackElo "1669"]
[PlyCount "107"]
[EventDate "2009.10.25"]
[SourceDate "2009.10.24"]

1. e4 c5 2. Nc3 Nc6 3. f4 g6 4. Nf3 Bg7 5. Bb5 Nd4 6. O-O e6 7. d3 Ne7 8. Kh1
O-O 9. Nxd4 cxd4 10. Ne2 a6 11. Ba4 b5 12. Bb3 d6 13. Qe1 e5 14. fxe5 dxe5 15.
Qh4 Qd6 16. Bg5 Ra7 17. Bh6 Nc6 18. Rf3 Kh8 19. Raf1 f5 20. Ng3 f4 21. Ne2 Qd7
22. Bxg7+ Qxg7 23. g3 g5 24. Qh5 g4 25. R3f2 f3 26. Ng1 Bd7 27. h3 Rf6 28. Nxf3
Rh6 29. Ng5 Rxh5 30. Rf8+ Qxf8 31. Rxf8+ Kg7 32. Rf7+ Kg6 33. h4 Be8 34. Rf8
Re7 35. Rg8+ Kh6 36. Rf8 Rg7 37. Rxe8 Rgxg5 38. Kg2 Rg6 39. Bf7 Rf6 40. Bxh5
Kxh5 41. Rh8 h6 42. a3 b4 43. Ra8 bxa3 44. bxa3 Ne7 45. Ra7 Re6 46. Rc7 Kg6 47.
c3 dxc3 48. Rxc3 Rd6 49. Rb3 Ng8 50. Rc3 Nf6 51. Kf2 Nh5 52. a4 Rb6 53. Rc2 Rd6
54. Rc3 1/2-1/2

[Event "4NCL/Div3/GLOSG vs. OXF2"]
[Site "Daventry ENG"]
[Date "2009.10.25"]
[Round "2.1"]
[White "Lambourne, Daniel M"]
[Black "Starkie, Ray J"]
[Result "1/2-1/2"]
[WhiteElo "2001"]
[BlackElo "2130"]
[PlyCount "60"]
[EventDate "2009.10.25"]
[SourceDate "2009.10.24"]

1. d4 Nf6 2. Bf4 g6 3. Nf3 Bg7 4. e3 O-O 5. Bd3 d6 6. Nbd2 Nbd7 7. c3 Qe8 8.
Qc2 e5 9. Bg5 d5 10. dxe5 Ng4 11. h3 Ngxe5 12. Bf4 Qe7 13. Bb5 Nxf3+ 14. Nxf3
Nc5 15. O-O Bf5 16. Qd1 Rad8 17. Nd4 Bc8 18. Be2 a6 19. Bf3 Rfe8 20. Qc2 Ne4
21. Bxe4 dxe4 22. Rad1 g5 23. Bg3 g4 24. hxg4 Bxg4 25. Ne2 Rxd1 26. Rxd1 Be5
27. Rd5 Bxg3 28. Nxg3 c6 29. Rd4 f5 30. Qd2 Qf7 1/2-1/2

[Event "4NCL/Div3/GLOSG vs. OXF2"]
[Site "Daventry ENG"]
[Date "2009.10.25"]
[Round "2.2"]
[White "Jackson, Gary"]
[Black "Martin, Peter"]
[Result "1/2-1/2"]
[WhiteElo "2034"]
[BlackElo "2066"]
[PlyCount "68"]
[EventDate "2009.10.25"]
[SourceDate "2009.10.24"]

1. e4 e5 2. Nf3 Nc6 3. Bb5 a6 4. Ba4 Nf6 5. d4 Nxe4 6. Qe2 d5 7. Nxe5 Bd7 8.
Nxd7 Qxd7 9. Bxc6 Qxc6 10. f3 O-O-O 11. fxe4 dxe4 12. c3 Bd6 13. O-O Rdf8 14.
Bf4 f5 15. Nd2 h6 16. Bxd6 cxd6 17. c4 g5 18. Qe3 Qe8 19. b4 Rh7 20. d5 Re7 21.
Qa7 f4 22. Qa8+ Kc7 23. Qxe8 Rexe8 24. Nb3 Kd7 25. Nd4 Re5 26. Ne6 Rc8 27. Rac1
e3 28. Rfe1 Re4 29. b5 Rexc4 30. Rxc4 Rxc4 31. bxa6 bxa6 32. Kf1 Rc2 33. Re2
Rc1+ 34. Re1 Rc2 1/2-1/2

[Event "4NCL/Div3/GLOSG vs. OXF2"]
[Site "Daventry ENG"]
[Date "2009.10.25"]
[Round "2.3"]
[White "Waterfield, John W"]
[Black "Bruce, David J"]
[Result "1-0"]
[WhiteElo "1988"]
[BlackElo "2079"]
[PlyCount "80"]
[EventDate "2009.10.25"]
[SourceDate "2009.10.24"]

1. e4 e6 2. d4 d5 3. Nc3 Bb4 4. e5 c5 5. a3 Bxc3+ 6. bxc3 Ne7 7. Qg4 Qc7 8.
Qxg7 Rg8 9. Qxh7 cxd4 10. Ne2 Nbc6 11. f4 Bd7 12. Rb1 dxc3 13. Qd3 O-O-O 14.
Nxc3 Na5 15. Nb5 Bxb5 16. Qxb5 Nc4 17. Bxc4 dxc4 18. O-O Rd5 19. Qb4 Nf5 20.
Qe1 Qc6 21. g3 Rdd8 22. Qf2 b6 23. Be3 Nxe3 24. Qxe3 Rd5 25. Rbd1 Rgd8 26. Qf3
Qc5+ 27. Kg2 Rxd1 28. Rxd1 Rxd1 29. Qxd1 Qxa3 30. h4 Qe3 31. Qf3 Qd2+ 32. Kh3
Qxc2 33. Qa8+ Kc7 34. Qxa7+ Kc6 35. Qa8+ Kb5 36. Qe8+ Kb4 37. Qf8+ Kb3 38. Qxf7
c3 39. Qxe6+ Kb2 40. Qxb6+ Kc1 1-0